[Event "IRI-ch U14"]
[Site "Chess.com INT"]
[Date "2021.01.16"]
[Round "5"]
[White "Beheshti, Bardia"]
[Black "Khodadad Pour, Abolfazl"]
[Result "0-1"]
[WhiteElo "1142"]
[BlackElo "1364"]
[PlyCount "128"]
[EventDate "2021.01.16"]
[EventType "swiss"]
[EventRounds "11"]
[EventCountry "IRI"]
[SourceTitle "EXT 2022"]
[Source "ChessBase"]
[SourceDate "2021.10.06"]
[SourceVersion "1"]
[SourceVersionDate "2021.10.06"]
[SourceQuality "1"]

1. e4 e5 2. Nf3 Nc6 3. d4 exd4 4. Bc4 Nf6 5. e5 d5 6. Bb5 Ne4 7. Qxd4 Bc5 8. Qd1 Nxf2 9. Qe2 Nxh1 10. Be3 Bxe3 11. Qxe3 Bg4 12. Nc3 d4 13. Nxd4 0-0 14. Nxc6 bxc6 15. Bxc6 Rb8 16. b3 Qh4+ 17. g3 Qxh2 18. Rc1 Qxg3+ 19. Qxg3 Nxg3 20. Kf2 Nf5 21. Bg2 Rfe8 22. Re1 Nd4 23. Be4 Bf5 24. Bxf5 Nxf5 25. Nd5 c6 26. Nf4 Rb5 27. Nd3 Nd4 28. c4 Ra5 29. a4 f6 30. exf6 Rxe1 31. Kxe1 gxf6 32. Kd2 Nxb3+ 33. Kc3 Rh5 34. Kxb3 Rh3 35. Kc3 c5 36. Kc2 Rxd3 37. Kxd3 h5 38. Ke4 h4 39. Kf4 Kf7 40. Kg4 Ke6 41. Kxh4 Ke5 42. Kg4 f5+ 43. Kf3 f4 44. a5 Kd4 45. Kxf4 Kxc4 46. Ke3 Kb5 47. a6 Kxa6 48. Kd3 Kb5 49. Kc3 a5 50. Kb3 a4+ 51. Kb2 Kb4 52. Ka2 c4 53. Kb2 c3+ 54. Ka2 a3 55. Ka1 Kb3 56. Kb1 c2+ 57. Kc1 a2 58. Kd2 Kb2 59. Ke2 c1Q 60. Kf2 a1Q 61. Kg2 Qf1+ 62. Kg3 Qae1+ 63. Kg4 Qe4+ 64. Kg3 Qef4# 0-1